<?xml version="1.0" encoding="UTF-8"?>
<record
    xmlns:xsi="http://www.w3.org/2001/XMLSchema-instance"
    xsi:schemaLocation="http://www.loc.gov/MARC21/slim http://www.loc.gov/standards/marcxml/schema/MARC21slim.xsd"
    xmlns="http://www.loc.gov/MARC21/slim">

  <leader>01687    a2200217   4500</leader>
  <controlfield tag="001">54383</controlfield>
  <controlfield tag="005">20260407155816.0</controlfield>
  <controlfield tag="008">260407a1956    arg                 spa d</controlfield>
  <controlfield tag="003">AR-UNSa-BCEJYS</controlfield>
  <datafield tag="040" ind1=" " ind2=" ">
    <subfield code="a">AR-UNSa-BCEJYS</subfield>
    <subfield code="b">spa</subfield>
    <subfield code="c">AR-UNSa-BCEJYS</subfield>
  </datafield>
  <datafield tag="080" ind1=" " ind2=" ">
    <subfield code="a">351.72</subfield>
    <subfield code="x">Finanzas p&#xFA;blicas. Legislaci&#xF3;n (Contabilidad P&#xFA;blica, Administraci&#xF3;n financiera...)</subfield>
  </datafield>
  <datafield tag="245" ind1="1" ind2="0">
    <subfield code="a">Hacienda p&#xFA;blica</subfield>
  </datafield>
  <datafield tag="264" ind1=" " ind2="1">
    <subfield code="a">Madrid :</subfield>
    <subfield code="b">Aguilar</subfield>
    <subfield code="c">1956</subfield>
  </datafield>
  <datafield tag="300" ind1=" " ind2=" ">
    <subfield code="a">392 p.</subfield>
    <subfield code="c">22 cm.</subfield>
  </datafield>
  <datafield tag="505" ind1=" " ind2=" ">
    <subfield code="a">Primera parte: La contabilidad p&#xFA;blica - I. El Estado como empresario y productor - II. Naturaleza del gasto p&#xFA;blico - III. La elaboraci&#xF3;n de la pol&#xED;tica financiera - IV. El control del gasto p&#xFA;blico - V. El ingreso p&#xFA;blico - VI. El balance del sector p&#xFA;blico - Segunda parte: Teor&#xED;a de la imposici&#xF3;n - VII. El arte de la hacienda p&#xFA;blica - VIII. Ideales impositivos - IX. El m&#xE9;todo de an&#xE1;lisis de los impuestos - X. La incidencia de los impuestos parciales sobre el coste - XI. Impuestos sobre los bienes capitales - XII. Impuestos generales sobre la renta y los beneficios - XIII. Contribuci&#xF3;n e impuestos sobre el capital - XIV. Otros impuestos de efectos generales - XV. La teor&#xED;a de la imposici&#xF3;n local - XVI. La incidencia de la tributaci&#xF3;n y el gasto brit&#xE1;nicos - Tercera parte: La hacienda p&#xFA;blica en la econom&#xED;a nacional - XVII. La hacienda p&#xFA;blica y el nivel de actividad - XVIII. La planificaci&#xF3;n de la inversi&#xF3;n p&#xFA;blica - XIX. Pol&#xED;tica de cr&#xE9;ditos y deuda p&#xED;blica - XX. El futuro de la contabilidad p&#xFA;blica</subfield>
  </datafield>
  <datafield tag="942" ind1=" " ind2=" ">
    <subfield code="c">BK</subfield>
  </datafield>
  <datafield tag="590" ind1=" " ind2=" ">
    <subfield code="a">niveau_biblio:m niveau_hierar:0</subfield>
  </datafield>
  <datafield tag="100" ind1="1" ind2=" ">
    <subfield code="a">Hicks, Ursula K.</subfield>
  </datafield>
  <datafield tag="700" ind1="1" ind2=" ">
    <subfield code="a">Villar Palasi, Jos&#xE9; Luis</subfield>
  </datafield>
  <datafield tag="700" ind1="1" ind2=" ">
    <subfield code="a">De Torres, Manuel</subfield>
  </datafield>
  <datafield tag="999" ind1=" " ind2=" ">
    <subfield code="c">5543</subfield>
    <subfield code="d">5543</subfield>
  </datafield>
  <datafield tag="952" ind1=" " ind2=" ">
    <subfield code="0">0</subfield>
    <subfield code="1">0</subfield>
    <subfield code="4">0</subfield>
    <subfield code="7">0</subfield>
    <subfield code="a">BCEJYS</subfield>
    <subfield code="b">BCEJYS</subfield>
    <subfield code="c">16</subfield>
    <subfield code="d">2026-04-07</subfield>
    <subfield code="l">0</subfield>
    <subfield code="o">351.72 H631</subfield>
    <subfield code="p">L20211</subfield>
    <subfield code="r">2026-04-07 15:58:16</subfield>
    <subfield code="w">2026-04-07</subfield>
    <subfield code="y">L</subfield>
  </datafield>
</record>
